Dr. S. R. Lasker Library Online Catalogue

Home      Library Home      Institutional Repository      E-Resources      MyAthens      EWU Home

MIMS : (Record no. 7100)

MARC details
000 -LEADER
fixed length control field 00686cam a22002537a 4500
001 - CONTROL NUMBER
control field 7100
003 - CONTROL NUMBER IDENTIFIER
control field BD-DhEWU
005 - DATE AND TIME OF LATEST TRANSACTION
control field 20140826150400.0
008 - FIXED-LENGTH DATA ELEMENTS--GENERAL INFORMATION
fixed length control field 130206s2012 bg a g 000 0 eng d
040 ## - CATALOGING SOURCE
Original cataloging agency BD-DhEWU
Language of cataloging English
Transcribing agency BD-DhEWU
Modifying agency BD-DhEWU
041 ## - LANGUAGE CODE
Language code of text/sound track or separate title eng
082 04 - DEWEY DECIMAL CLASSIFICATION NUMBER
Classification number 610.7
Item number MIM 2012
245 ## - TITLE STATEMENT
Title MIMS :
Remainder of title 2012 /
Statement of responsibility, etc Editor, Leong Wai Fun ... [et al.].
250 ## - EDITION STATEMENT
Edition statement 26th ed.
260 ## - PUBLICATION, DISTRIBUTION, ETC. (IMPRINT)
Place of publication, distribution, etc Dhaka :
Name of publisher, distributor, etc Ben Yeo,
Date of publication, distribution, etc c2012
300 ## - PHYSICAL DESCRIPTION
Extent v.444 p. :
Other physical details ill. ;
Dimensions 21 cm
526 ## - STUDY PROGRAM INFORMATION NOTE
Program name Pharmacy
590 ## - LOCAL NOTE (RLIN)
Local note Sagar Shahanawaz
650 ## - SUBJECT ADDED ENTRY--TOPICAL TERM
Source of heading or term Sears List
Topical term or geographic name as entry element Medicine
9 (RLIN) 1137
Source of heading or term Sears List
Topical term or geographic name as entry element Therapeutics
9 (RLIN) 1138
653 ## - INDEX TERM--UNCONTROLLED
Uncontrolled term Popular medicine
Uncontrolled term Diseases
942 ## - ADDED ENTRY ELEMENTS (KOHA)
Source of classification or shelving scheme Dewey Decimal Classification
Koha item type Ref.
Holdings
Withdrawn status Lost status Source of classification or shelving scheme Damaged status Not for loan Collection code Home library Current library Shelving location Date acquired Source of acquisition Cost, normal purchase price Total Checkouts Full call number Barcode Date last seen Copy number Price effective from Koha item type
    Dewey Decimal Classification   Not For Loan Non-fiction Dr. S. R. Lasker Library, EWU Dr. S. R. Lasker Library, EWU Reference Section 06/02/2013 Mullick & Brothers 550.00   610.7 MIM 2012 24947 06/02/2013 C-1 06/02/2013 Ref.
    Dewey Decimal Classification   Not For Loan Non-fiction Dr. S. R. Lasker Library, EWU Dr. S. R. Lasker Library, EWU Reference Section 06/02/2013 Mullick & Brothers 550.00   610.7 MIM 2012 24948 06/02/2013 C-2 06/02/2013 Ref.
    Dewey Decimal Classification   Not For Loan Non-fiction Dr. S. R. Lasker Library, EWU Dr. S. R. Lasker Library, EWU Reference Section 06/02/2013 Mullick & Brothers 550.00   610.7 MIM 2012 24949 06/02/2013 C-3 06/02/2013 Ref.